A politikusok médialogikája a közösségi oldalakon Facebook és Twitter kutatás /

Elmentve itt :
Bibliográfiai részletek
Szerző: Merkovity Norbert
Dokumentumtípus: Könyv része
Megjelent: 2014
Sorozat:Politikai kommunikáció-kutatások a közösségi média korában
Kulcsszavak:Kommunikáció - politikai, Közvélemény befolyásolása - kommunikáció, Információs társadalom, Média - közösségi
Online Access:http://acta.bibl.u-szeged.hu/63491
LEADER 00849naa a2200181 i 4500
001 acta63491
005 20260224081030.0
008 200117s2014 hu o 000 hun d
020 |a 978-963-12-0493-3 
040 |a SZTE Egyetemi Kiadványok Repozitórium  |b hun 
041 |a hun 
100 1 |a Merkovity Norbert 
245 1 2 |a A politikusok médialogikája a közösségi oldalakon   |h [elektronikus dokumentum] :  |b Facebook és Twitter kutatás /  |c  Merkovity Norbert 
260 |c 2014 
300 |a 165-192 
490 0 |a Politikai kommunikáció-kutatások a közösségi média korában 
695 |a Kommunikáció - politikai, Közvélemény befolyásolása - kommunikáció, Információs társadalom, Média - közösségi 
856 4 0 |u http://acta.bibl.u-szeged.hu/63491/1/politikai_kommunikacio-kutatasok_a_kozossegi_media_koraban_165-192.pdf  |z Dokumentum-elérés